000 00638nam a2200217Ia 4500
003 GCL
005 20240530104057.0
008 140319s9999 xx 000 0 ara d
040 _aGCL /
_cGCL
082 0 4 _a312.958
_bم ا
100 1 _aمحمد حرب
245 1 0 _a00000000000000000
_cمحمد حرب
260 _aالقاهرة :
_bالمركز المصرى للدراسات العثمانية ،
_c1993
300 _a399 ص ؛
_c22 سم
490 _aبحوث العالم التركى
_v0
650 0 4 _aالاسلام
650 0 4 _aدعوة
650 0 4 _aالبلقان
650 0 4 _aالتركستان
942 _2ddc
_cBK
999 _c44461
_d44461